Oregon State Football: Top 10 All-Time Leaders - Statistics

General Stats
  • This quiz has been taken 9 times
  • The average score is 21 of 62
Answer Stats
Category # Player Amount % Correct
Rushing Yards 4 Steven Jackson 3,625
100%
Receiving Yards 3 Brandin Cooks 3,272
83%
Passing Yards 2 Derek Anderson 11,249
83%
Sacks 9 Dorian Smith 15.0
83%
Passing Yards 4 Jonathan Smith 9,106
83%
Interceptions T4 Jordan Poyer 13
83%
Passing Yards 1 Sean Mannion 13,600
83%
Rushing Yards 2 Jacquizz Rodgers 3,877
67%
Passing Yards 7 Jake Luton 5,227
67%
Receiving Yards 6 James Rodgers 2,578
67%
Rushing Yards 5 Jermar Jefferson 2,923
67%
Sacks 8 LaDarius Jackson 15.5
67%
Passing Yards 6 Matt Moore 5,733
67%
Interceptions T10 Teddy Johnson 11
67%
Rushing Yards 10 Damien Martinez 2,167
50%
Rushing Yards 1 Ken Simonton 4,802
50%
Receiving Yards 1 Mike Hass 3,924
50%
Passing Yards 8 Chance Nolan 4,153
33%
Sacks 6 Hamilcar Rashed Jr. 16.5
33%
Receiving Yards 7 Isaiah Hodgins 2,322
33%
Receiving Yards 2 James Newson 3,572
33%
Passing Yards 10 Lyle Moevao 3,410
33%
Receiving Yards 4 Markus Wheaton 2,994
33%
Rushing Yards 9 Ryan Nall 2,216
33%
Rushing Yards 6 Storm Woods 2,674
33%
Passing Yards 9 Terry Baker 3,746
33%
Tackles 6 Trent Bray 337
33%
Interceptions T4 Armon Hatcher 13
17%
Interceptions T10 Bill Sheffold 11
17%
Sacks 1 Bill Swancutt 37.0
17%
Interceptions T4 Charlie Olds 13
17%
Interceptions T2 Dan Espalin 15
17%
Rushing Yards 7 Dave Schilling 2,552
17%
Passing Yards 3 Erik Wilhelm 9,393
17%
Sacks T10 Esera Tuaolo 14.0
17%
Sacks 4 Inoke Breckerfield 19.5
17%
Tackles 3 Jeff Schneider 360
17%
Interceptions T7 Jim Lilly 12
17%
Tackles 5 Kane Rogers 349
17%
Sacks 7 Kane Rogers 16.0
17%
Interceptions T7 Larry Rich 12
17%
Interceptions T7 Lavance Northington 12
17%
Tackles 10 Michael Hale 299
17%
Interceptions 1 Mitch Meeuwsen 20
17%
Tackles 9 Omar Speights 304
17%
Rushing Yards 8 Pete Pifer 2,233
17%
Receiving Yards 8 Reggie Bynum 2,231
17%
Tackles 2 Reggie Tongue 362
17%
Tackles 4 Richard Seigler 356
17%
Tackles 8 Rico Petrini 316
17%
Receiving Yards 9 Robb Thomas 2,043
17%
Interceptions T2 Sabby Pisciteli 15
17%
Receiving Yards 5 Sammie Stroughter 2,653
17%
Sacks 3 Scott Crichton 22.5
17%
Passing Yards 5 Sean Canfield 5,970
17%
Sacks 5 Slade Norris 19.0
17%
Sacks T10 Stephen Paea 14.0
17%
Tackles 1 Steve Brown 415
17%
Tackles 7 Todd Sahlfeld 324
17%
Receiving Yards 10 Trevon Bradford 1,904
17%
Sacks 2 Victor Butler 25.5
17%
Rushing Yards 3 Yvenson Bernard 3,862
17%
No matching quizzes found
Score Distribution
Percent of People with Each Score
Percentile by Number Answered
Your Score History
You have not taken this quiz